Mencari sinar perubahan : (Record no. 37772)
[ view plain ]
| 000 -LEADER | |
|---|---|
| fixed length control field | 01128nam a2200337 ia4500 |
| 001 - CONTROL NUMBER | |
| control field | C2-0127001 |
| 003 - CONTROL NUMBER IDENTIFIER | |
| control field | PPAK |
| 005 - DATE AND TIME OF LATEST TRANSACTION | |
| control field | 20210617235520.0 |
| 008 - FIXED-LENGTH DATA ELEMENTS--GENERAL INFORMATION | |
| fixed length control field | 970917s1995 my a|||j ||||| | may d |
| 020 ## - INTERNATIONAL STANDARD BOOK NUMBER | |
| International Standard Book Number | 9839791176 |
| Qualifying information | paperback |
| 040 ## - CATALOGING SOURCE | |
| Original cataloging agency | PPAK |
| Language of cataloging | eng |
| Transcribing agency | PPAK |
| Description conventions | rda |
| 082 04 - DEWEY DECIMAL CLASSIFICATION NUMBER | |
| Classification number | 297.61 |
| Edition number | 23 |
| 090 00 - LOCALLY ASSIGNED LC-TYPE CALL NUMBER (OCLC); LOCAL CALL NUMBER (RLIN) | |
| Classification number (OCLC) (R) ; Classification number, CALL (RLIN) (NR) | 297.61 |
| Feature heading | MEN |
| Feature heading | K |
| 245 00 - TITLE STATEMENT | |
| Title | Mencari sinar perubahan : |
| Remainder of title | hijrah / |
| Statement of responsibility, etc. | disusun oleh Saloma M.L ; ilustrasi kulit Suhaimi/Razzi; ilustrasi dalam Nashrian |
| 264 #1 - PRODUCTION, PUBLICATION, DISTRIBUTION, MANUFACTURE, AND COPYRIGHT NOTICE | |
| Place of production, publication, distribution, manufacture | Kuala Lumpur : |
| Name of producer, publisher, distributor, manufacturer | Gema Insan, |
| Date of production, publication, distribution, manufacture, or copyright notice | 1995 |
| 300 ## - PHYSICAL DESCRIPTION | |
| Extent | 32 pages : |
| Other physical details | illustrations ; |
| Dimensions | 20 cm |
| 336 ## - CONTENT TYPE | |
| Source | rdacontent |
| Content type term | text |
| 337 ## - MEDIA TYPE | |
| Source | rdamedia |
| Media type term | unmediated |
| 338 ## - CARRIER TYPE | |
| Source | rdacarrier |
| Carrier type term | volume |
| 490 1# - SERIES STATEMENT | |
| Series statement | Siri cerita nabi-nabi utama ; |
| Volume/sequential designation | siri pertama |
| 500 ## - GENERAL NOTE | |
| General note | Buku 9 |
| 600 #0 - SUBJECT ADDED ENTRY--PERSONAL NAME | |
| Personal name | Muhammad, |
| Titles and other words associated with a name | Prophet, |
| Dates associated with a name | d. 632 |
| Form subdivision | Juvenile literature |
| 650 10 - SUBJECT ADDED ENTRY--TOPICAL TERM | |
| Topical term or geographic name entry element | Islamic Stories, Malay |
| Topical term or geographic name entry element | Koran stories, Malay |
| 700 0# - ADDED ENTRY--PERSONAL NAME | |
| Personal name | Saloma M.L., |
| Relator term | compiler. |
| Personal name | Suhaimi, |
| Relator term | illustrator. |
| Personal name | Razzi, |
| Relator term | illustrator. |
| Personal name | Nashrian, |
| Relator term | illustrator. |
| 830 #0 - SERIES ADDED ENTRY--UNIFORM TITLE | |
| Uniform title | Siri cerita nabi-nabi utama ; |
| Number of part/section of a work | siri pertama |
| 942 ## - ADDED ENTRY ELEMENTS (KOHA) | |
| Koha item type | Book |
| Source of classification or shelving scheme | Dewey Decimal Classification |
| Withdrawn | Not for loan | Current library | Shelving location | Date acquired | Full call number | Barcode | Date last seen | Koha item type | Total Checkouts | Total Renewals | Date last checked out |
|---|---|---|---|---|---|---|---|---|---|---|---|
| Perpustakaan Alor Setar | Pinjaman Kanak-kanak | 17/09/1997 | K 297.61 MEN | A00068022 | 08/05/2018 | Book | |||||
| Perpustakaan Alor Setar | Pinjaman Kanak-kanak | 14/01/1999 | K 297.61 MEN | A00199055 | 08/05/2018 | Book | |||||
| Perpustakaan Awam Sungai Petani | Pinjaman Kanak-kanak | 14/01/1999 | K 297.61 MEN | A00199058 | 08/05/2018 | Book | |||||
| Perpustakaan Jitra | Pinjaman Kanak-kanak | 14/01/1999 | K 297.61 MEN | A00199059 | 08/05/2018 | Book | |||||
| Perpustakaan Langkawi | Pinjaman Kanak-kanak | 29/08/2004 | K 297.61 MEN | A00853050 | 08/05/2018 | Book | |||||
| Perpustakaan Langkawi | Pinjaman Kanak-kanak | 29/08/2004 | K 297.61 MEN | A00853049 | 08/05/2018 | Book | |||||
| Perpustakaan Yan | Pinjaman Kanak-kanak | 14/01/1999 | K 297.61 MEN | A00199064 | 14/08/2025 | Book | 2 | 1 | 03/07/2025 | ||
| Bergerak 3, Baling | Pinjaman Kanak-kanak | 29/04/2003 | K 297.61 MEN | A00313086 | 08/05/2018 | Book | |||||
| PD27, Kg. Bendang Bukit, Pendang | Pinjaman Kanak-kanak | 01/11/2000 | K 297.61 MEN | A00307550 | 08/05/2018 | Book | |||||
| PD27, Kg. Bendang Bukit, Pendang | Pinjaman Kanak-kanak | 01/11/2000 | K 297.61 MEN | A00307551 | 08/05/2018 | Book |